000 00713nam a22002177a 4500
003 0
005 20241112100100.0
008 241112b xxu||||| |||| 00| 0 eng d
020 _a978-1-78285-749-5
082 _aER
_bL911 2019
100 _aStewart, Whitney
245 _aLoving kindness : happy feelings for little ones
_cWhitney Stewart, Rocio Alejandro.
260 _aCambridge :
_bBarefoot Books,
_c2019.
300 _a12 unnumbered pages :
_bcol. ill. ;
_c17 cm.
650 _aCalmness
_vJuvenile literature.
650 _aHappiness in children
_vJuvenile literature.
650 _aEmotions in children
_vJuvenile literature.
650 _aBoard books.
700 _aAlejandro, Rocio
942 _2ddc
_cBK
999 _c366676
_d366676